000 00789nam a2200253 a 4500
001 BRCA_7613
005 20190320205918.0
008 060713s1930----sz-a######---#000-0#ger-#
041 _ager
044 _asz
050 4 _aNK7164
_b.M35 1930
100 1 _aMajor, E.
_918769
245 1 0 _aHistorisches Museum Basel
_bprofane goldschmiedearbeiten funfundzwanzig abbildungen Ausgewahlt und Eingeleitet
_cvon E. Major.
260 _aBasel
_bE. Birkhauser
_cc1930
300 _a3 p.
_bil., 25 láminas
_c18 cm.
440 0 _aDie historisches museum der Schweiz
_vheft 3
_918770
500 _aT17
650 1 4 _aPlatería alemana
_918771
650 1 4 _aOrfebrería alemana
_918772
650 1 4 _aPlatería suiza
_918773
650 1 4 _aOrfebrería suiza
_918774
902 _aGFM
942 _2lcc
_cB
999 _c7287
_d7287